000 00262nam a22001097a 4500
082 _a080/SPA
100 _aSparacino,Bianca
_982940
245 _aA GENTEL REMINDER
260 _aNoida
_bManjul Publishing House
_c2024
650 _aGeneral Collection
942 _cBK
999 _c67688
_d67688